| 000 | 00371nam a22001577a 4500 | ||
|---|---|---|---|
| 003 | OSt | ||
| 008 | 240323b |||||||| |||| 00| 0 eng d | ||
| 020 | _a9789380381626 | ||
| 082 | _a627.1 CHA | ||
| 100 | _aCHANDRAMOULI,PN | ||
| 245 | _aApplied Hydraulic Engineering | ||
| 250 | _a3rd Ed | ||
| 260 |
_aChennai _bYes Dee Publishing |
||
| 300 | _a1005 | ||
| 942 |
_2ddc _cREF |
||
| 999 |
_c12271 _d12271 |
||